000 00459nam a2200157 4500
999 _c12338
_d12338
008 210128b ||||| |||| 00| 0 eng d
041 _ahin
082 0 0 _a891.43
_bV522
100 _94503
_aVerma, Vrindaban Lal
245 1 0 _aTute kaante /
_cby Vrindaban Lal Verma
245 1 0 _aटूटे कांटे /
_cवृन्दावन लाल वर्मा
260 _a[s.l.]
_b[s.n.]
_c?
300 _a.
650 0 _aHindi fiction
942 _2ddc
_cBK